Quizzes
Events
Quiz Creation
Community
Videos
Private Events
Remove Ads
Sign In
Join for FREE
Feedback
Dark Mode
Quiz Categories
Sports
Geography
Music
Movies
Television
Just For Fun
Miscellaneous
History
Literature
Language
Science
Gaming
Entertainment
Religion
Holiday
For Kids
Quiz Lab
Recent
Popular Today
Quiz Kudos Today
Editor Picks
Curator Picks
Quizzes by...
Day
Popularity
Type
Ratings
Length
Year
Community
Subscriptions
Recent Discussions
Orange Saloon
Badges
Playlists
Quests
Create
Leaderboards
Showdown
Live 5
Trivia Bingo
Activity
Puzzle Library
Sporcle Events
Private Events
Virtual Trivia
Globe League
Become a Host
Pub Owners
SporcleCon
Opinionation
Our Games
Videos
Blog
Mobile Apps
Partnerships
Remove Ads and Go Orange
Feedback
Sports
Athletes
MLB
NBA
NHL
NFL
Soccer
Sports Teams
WWE
NCAA
Football
Premier League
Basketball
Baseball
Hockey
Golf
Tennis
Cricket
Rugby
Auto Racing
Olympics
World Cup
Sports
Athletes
MLB
NBA
NHL
NFL
Soccer
Sports Teams
WWE
NCAA
Football
Premier League
Basketball
Baseball
Hockey
Golf
Tennis
Cricket
Rugby
Auto Racing
Olympics
World Cup
Random Quiz
Search Sporcle
×
Quiz Lab
Quiz Lab
Sports
MLB
Type in answers that appear in a list
Type in answers that appear in a list
Classic
Best Score? Go Orange.
MLB 2015 Opening Day Starting Pitchers Stats
Can you name the MLB 2015 Opening Day Starting Pitchers?
By
JeterFan2
12m
30 Questions
180 Plays
180 Plays
180 Plays
Comments
Comments
Give Quiz Kudos
Give Quiz Kudos
-
- Ratings
hide this ad
Replay
Link that replays current quiz
Next Quiz
Link to next quiz in quiz playlist
You Got
0%
They Got
Avg Score
79%
Avg Friend Score
Upgrade to see
Score Distribution
Jump to the score distribution portion of the page
Score
0/30
Timer
12:00
0
Plays Today
Team
Pitcher
% Correct
Los Angeles Dodgers
Clayton Kershaw
98.9%
St. Louis Cardinals
Adam Wainwright
97.8%
Seattle Mariners
Felix Hernandez
97.2%
Chicago Cubs
Jon Lester
96.1%
San Francisco Giants
Madison Bumgarner
96.1%
Washington Nationals
Max Scherzer
95%
Cleveland Indians
Corey Kluber
93.9%
Philadelphia Phillies
Cole Hamels
93.9%
Cincinnati Reds
Johnny Cueto
92.8%
Detroit Tigers
David Price
92.8%
Los Angeles Angels
Jered Weaver
89.4%
New York Yankees
Masahiro Tanaka
89.4%
San Diego Padres
James Shields
88.3%
Kansas City Royals
Yordano Ventura
83.3%
Oakland Athletics
Sonny Gray
81.7%
Team
Pitcher
% Correct
Pittsburgh Pirates
Francisco Liriano
81.1%
Atlanta Braves
Julio Teheran
80.6%
New York Mets
Bartolo Colon
79.4%
Texas Rangers
Yovani Gallardo
76.1%
Tampa Bay Rays
Chris Archer
75%
Boston Red Sox
Clay Buchholz
73.3%
Baltimore Orioles
Chris Tillman
72.2%
Chicago White Sox
Jeff Samardzija
71.1%
Houston Astros
Dallas Keuchel
70.6%
Minnesota Twins
Phil Hughes
70.6%
Miami Marlins
Henderson Alvarez
61.1%
Milwaukee Brewers
Kyle Lohse
60%
Arizona Diamondbacks
Josh Collmenter
47.2%
Toronto Blue Jays
Drew Hutchison
46.1%
Colorado Rockies
Kyle Kendrick
43.9%
Quiz Playlist
Details
Report
Send in Message
Add To Playlist
Classic:
Type in answers that appear in a list
Quiz Source
Last Updated: Feb 16, 2017
Quiz Scoreboard
CHALLENGE
Sign Up to Join the Scoreboard
Show All
Scores
Hide
Comments
May contain spoilers
Recently Published
Billboard Blitz: Fleetwood Mac
by CooCooCachoo
Music
15s
Presidents Visiting Landmarks
by Hejman
History
7m
An Introduction to Baseball
by treessimontrees
Sports
5m
More to Explore
Quiz From the Vault
Featured Blog Post
Where Did the Easter Bunny Come From?
hide this ad
You Might Also Like...
Tags
MLB Quiz
2015
Starting
team
Today's Top Quizzes in Sports
Browse Sports
hide this ad
Today's Top Quizzes in MLB
Browse MLB
Top Contributed Quizzes in Sports
1
Les meilleurs buteurs des matchs entre le PSG et l’OM
2
2022 World Cup Stars
3
FIFA Club World Cup Champions
4
Les entraîneurs de l'OM et du PSG au 21e siècle
5
Criteria MLB: Left Handed Sluggers
6
AFC Teams Reveal (Wrong Answers Minefield)
7
5-to-1: UK Sports Teams
8
Name the Premier League winners with different clubs
9
5-to-1: FBS Animal Nicknames
10
Players with Multiple 50 Home Run Seasons
Explore More
Trending Topics
Disney
NBA
Anime
Harry Potter
Marvel
Crossword
Kpop
Pokémon
Country
Puzzle
NFL
WWE
Song
Soccer
The Office
hide this ad
More By:
JeterFan2
Quiz
Plays
Rating
Category
Featured
Created
MLB World Series Rotations, 1990s-2010s
39,219
4.78
Sports
Jan 8, 2015
MLB Top-5 Highest Paid by Team (2016)
32,645
4.61
Sports
Jan 23, 2016
MLB 2023 Highest Paid Players (Top 50)
15,045
5.00
Sports
Jan 11, 2023
MLB: Relief Pitcher Strikeout Leaders Since 2000
14,008
4.63
Sports
Apr 12, 2018
MLB 100 RBI's 1990's
12,002
4.76
Sports
Oct 8, 2014
Go to Creator's Profile
Score Distribution
Quiz Creator Spotlight
JeterFan2
Follow
Send a Message
Quizzes Created
-
Created Quiz Play Count
-
More By This Creator
Popular Quizzes Today
1
Find the US States - No Outlines Minefield
2
Find the Countries of Europe - No Outlines Minefield
3
The Countries of the World
4
Find the US States
5
Risky Map Clicking: Biggest States A-Z
6
US States
7
Popular People in 1961
8
Movies - When Are They Set?
More Sports Quizzes
Big Ten Crossword
Curator's Pick
Trending Quizzes
Risky Map Clicking: Least Populous States A-Z
1-10 Letter G Words
1-10 Letter F Words
Risky Map Clicking: Next State Alphabetically
Risky Map Clicking: Biggest States A-Z
Recently Updated
Leaping Animals
pecheneg
Reality TV Shows (A-Z)
bhenderson79
Rickey Henderson's Hall of Fame Teammates
pecheneg
Champions League XIs: Arsenal
pecheneg
Quick Pick: Celebrities in WWE's Hall of Fame
aduchscher
A-Z Keypad Blitz II
pecheneg
Multiple Oscar Actors
pecheneg
Mystery Phrase Blitz: Oscar 'Best Actors'
pecheneg
F. Scott Fitzgerald Novels
LTH
Pick 3 Villains
ddd62291
Trending Topics
Anime
Kpop
NBA
Harry Potter
Disney
Crossword
Marvel
Song
Soccer
NFL
Puzzle
The Office
Country
Pokémon
WWE
Your Account Isn't Verified!
In order to create a playlist on Sporcle, you need to verify the email address you used during registration. Go to your
Sporcle Settings
to finish the process.
Report this User
Report this user for behavior that violates our
Community Guidelines
.
Details:
Send Report
Go to the Sporcle.com Mobile Site →
Comments